| 000 | 00670cam3a220019300 4500 | ||
|---|---|---|---|
| 001 | zam00008026 | ||
| 008 | 970717n xx eng u | ||
| 035 | _a(Sirsi) r138026 | ||
| 040 | _dUPRA | ||
| 100 |
_aYates, R. _6A109709.1 |
||
| 245 | 1 | 0 | _aSolar powered desalination: A case study from Botswana. |
| 260 |
_aOttawa : _bIPRC, _c1990. |
||
| 500 | _aIncludes references. | ||
| 520 | _aThe document presents findings on the technical performance and suitability of various small-scale desalinators. | ||
| 650 | 4 |
_aEnergy. _6S59689.1 |
|
| 650 | 4 |
_aSolar energy -- Botswana. _xSolar energy -- Botswana. _6S83541.1 |
|
| 949 | 1 | 0 |
_mINESOR _tBOOK _lON-SHELF |
| 004 | 138026 | ||
| 999 |
_c26508 _d26508 |
||